[Event "DEM U12w 2025"]
[Site "Willingen GER"]
[Date "2025.06.12"]
[Round "7"]
[White "Shynkar, Daria"]
[Black "Klymenko, Maria"]
[Result "1-0"]
[Termination "normal"]
[Board "2"]
[WhiteElo "1733"]
[BlackElo "1728"]
[WhiteClock "00:14:08"]
[BlackClock "00:12:40"]
[PlyCount "81"]
[WhiteFideId "34163212"]
[BlackFideId "34620621"]
[EventCountry "GER"]
[EventRounds "9"]
[EventType "swiss"]
[EventDate "2025.06.07"]

1. d4 {[%clk 01:30:58]} {[%emt 00:00:02]} Nf6 {[%clk 01:30:54]} {[%emt
00:00:06]} 2. c4 {[%clk 01:31:22]} {[%emt 00:00:06]} e6 {[%clk 01:31:20]}
{[%emt 00:00:04]} 3. Nc3 {[%clk 01:31:47]} {[%emt 00:00:05]} Bb4 {[%clk
01:31:44]} {[%emt 00:00:05]} 4. e3 {[%clk 01:32:12]} {[%emt 00:00:06]} c5
{[%clk 01:32:08]} {[%emt 00:00:05]} 5. Bd3 {[%clk 01:30:49]} {[%emt 00:01:53]}
O-O {[%clk 01:32:28]} {[%emt 00:00:10]} 6. Nge2 {[%clk 01:30:03]} {[%emt
00:01:16]} cxd4 {[%clk 01:32:30]} {[%emt 00:00:28]} 7. exd4 {[%clk 01:27:51]}
{[%emt 00:02:42]} d5 {[%clk 01:32:51]} {[%emt 00:00:09]} 8. O-O {[%clk
01:23:55]} {[%emt 00:04:27]} Nc6 {[%clk 01:32:02]} {[%emt 00:01:18]} 9. cxd5
{[%clk 01:22:30]} {[%emt 00:01:56]} Nxd5 {[%clk 01:32:16]} {[%emt 00:00:16]}
10. Nxd5 {[%clk 01:22:44]} {[%emt 00:00:17]} Qxd5 {[%clk 01:32:24]} {[%emt
00:00:21]} 11. Qc2 {[%clk 01:20:54]} {[%emt 00:02:19]} h6 {[%clk 01:30:23]}
{[%emt 00:02:30]} 12. Be3 {[%clk 01:19:42]} {[%emt 00:01:43]} Rd8 {[%clk
01:26:32]} {[%emt 00:04:21]} 13. Rad1 {[%clk 01:17:19]} {[%emt 00:02:53]} Qxa2
{[%clk 01:17:19]} {[%emt 00:09:43]} 14. Ra1 {[%clk 01:10:36]} {[%emt 00:07:13]}
Qd5 {[%clk 01:16:17]} {[%emt 00:01:31]} 15. Be4 {[%clk 01:10:18]} {[%emt
00:00:50]} Qd6 {[%clk 01:15:49]} {[%emt 00:00:56]} 16. Rfd1 {[%clk 01:09:01]}
{[%emt 00:01:49]} Bd7 {[%clk 01:10:41]} {[%emt 00:05:37]} 17. d5 {[%clk
01:05:14]} {[%emt 00:04:18]} exd5 {[%clk 01:09:48]} {[%emt 00:01:23]} 18. Bxd5
{[%clk 01:00:24]} {[%emt 00:05:19]} Qf6 {[%clk 01:09:03]} {[%emt 00:01:12]} 19.
Bd4 {[%clk 00:45:34]} {[%emt 00:15:23]} Nxd4 {[%clk 01:04:59]} {[%emt
00:04:34]} 20. Rxd4 {[%clk 00:44:32]} {[%emt 00:01:33]} Bf5 {[%clk 00:58:46]}
{[%emt 00:06:42]} 21. Qc4 {[%clk 00:39:30]} {[%emt 00:05:33]} a5 {[%clk
00:47:47]} {[%emt 00:11:29]} 22. Rad1 {[%clk 00:34:50]} {[%emt 00:05:10]} Be6
{[%clk 00:41:49]} {[%emt 00:06:26]} 23. Nf4 {[%clk 00:31:53]} {[%emt 00:03:28]}
Bxd5 {[%clk 00:32:57]} {[%emt 00:09:21]} 24. Nxd5 {[%clk 00:30:33]} {[%emt
00:01:50]} Qd6 {[%clk 00:30:57]} {[%emt 00:02:25]} 25. Nxb4 {[%clk 00:27:43]}
{[%emt 00:03:26]} Qf6 {[%clk 00:23:22]} {[%emt 00:08:02]} 26. Nd5 {[%clk
00:24:09]} {[%emt 00:04:07]} Qe6 {[%clk 00:21:36]} {[%emt 00:02:11]} 27. Qd3
{[%clk 00:24:04]} {[%emt 00:00:39]} Re8 {[%clk 00:20:20]} {[%emt 00:01:43]} 28.
f3 {[%clk 00:19:54]} {[%emt 00:04:42]} Rac8 {[%clk 00:19:10]} {[%emt 00:01:41]}
29. Re4 {[%clk 00:19:22]} {[%emt 00:01:03]} Qc6 {[%clk 00:17:49]} {[%emt
00:01:48]} 30. Ne7+ {[%clk 00:18:21]} {[%emt 00:01:33]} Rxe7 {[%clk 00:18:03]}
{[%emt 00:00:16]} 31. Rxe7 {[%clk 00:18:49]} {[%emt 00:00:03]} b5 {[%clk
00:16:47]} {[%emt 00:01:44]} 32. Qd5 {[%clk 00:17:44]} {[%emt 00:01:36]} Qf6
{[%clk 00:15:48]} {[%emt 00:01:27]} 33. Rb7 {[%clk 00:16:10]} {[%emt 00:02:06]}
b4 {[%clk 00:14:33]} {[%emt 00:01:46]} 34. Qxa5 {[%clk 00:13:40]} {[%emt
00:03:00]} Qxb2 {[%clk 00:13:52]} {[%emt 00:01:11]} 35. Qxb4 {[%clk 00:13:14]}
{[%emt 00:00:56]} Qe2 {[%clk 00:13:26]} {[%emt 00:00:52]} 36. Qd2 {[%clk
00:13:02]} {[%emt 00:00:46]} Qa6 {[%clk 00:12:48]} {[%emt 00:01:04]} 37. Rd7
{[%clk 00:13:05]} {[%emt 00:00:31]} Qb6+ {[%clk 00:12:43]} {[%emt 00:00:35]}
38. Qd4 {[%clk 00:12:58]} {[%emt 00:00:37]} Qa5 {[%clk 00:12:14]} {[%emt
00:00:54]} 39. Rd8+ {[%clk 00:13:14]} {[%emt 00:00:19]} Rxd8 {[%clk 00:12:27]}
{[%emt 00:00:17]} 40. Qxd8+ {[%clk 00:13:42]} {[%emt 00:00:02]} Qxd8 {[%clk
00:12:40]} {[%emt 00:00:16]} 41. Rxd8+ {[%clk 00:14:08]} {[%emt 00:00:05]} 1-0

[Event "DEM U12w 2025"]
[Site "Willingen GER"]
[Date "2025.06.12"]
[Round "7"]
[White "Artemenko, Isabella"]
[Black "Bayer, Klara"]
[Result "0-1"]
[Termination "normal"]
[Board "3"]
[WhiteElo "1652"]
[BlackElo "1678"]
[WhiteClock "00:16:16"]
[BlackClock "00:36:30"]
[PlyCount "84"]
[WhiteFideId "34639616"]
[BlackFideId "34658955"]
[EventCountry "GER"]
[EventRounds "9"]
[EventType "swiss"]
[EventDate "2025.06.07"]

1. e4 {[%clk 01:30:58]} {[%emt 00:00:02]} c6 {[%clk 01:30:54]} {[%emt
00:00:06]} 2. d4 {[%clk 01:31:21]} {[%emt 00:00:08]} d5 {[%clk 01:31:19]}
{[%emt 00:00:05]} 3. e5 {[%clk 01:31:48]} {[%emt 00:00:03]} Bf5 {[%clk
01:31:43]} {[%emt 00:00:06]} 4. h4 {[%clk 01:32:13]} {[%emt 00:00:05]} h5
{[%clk 01:32:08]} {[%emt 00:00:04]} 5. c4 {[%clk 01:32:30]} {[%emt 00:00:13]}
e6 {[%clk 01:32:07]} {[%emt 00:00:30]} 6. Nc3 {[%clk 01:32:41]} {[%emt
00:00:20]} Ne7 {[%clk 01:31:05]} {[%emt 00:01:32]} 7. Be2 {[%clk 01:31:38]}
{[%emt 00:01:33]} Ng6 {[%clk 01:28:33]} {[%emt 00:03:02]} 8. g3 {[%clk
01:29:20]} {[%emt 00:02:49]} dxc4 {[%clk 01:21:21]} {[%emt 00:07:42]} 9. Bxc4
{[%clk 01:26:41]} {[%emt 00:03:08]} a6 {[%clk 01:19:36]} {[%emt 00:02:15]} 10.
Be2 {[%clk 01:26:52]} {[%emt 00:00:19]} c5 {[%clk 01:06:39]} {[%emt 00:13:28]}
11. Bxh5 {[%clk 00:48:33]} {[%emt 00:38:48]} cxd4 {[%clk 01:06:19]} {[%emt
00:00:51]} 12. Bxg6 {[%clk 00:47:03]} {[%emt 00:01:59]} Bxg6 {[%clk 01:03:16]}
{[%emt 00:03:34]} 13. Qa4+ {[%clk 00:47:21]} {[%emt 00:00:12]} Nc6 {[%clk
01:03:06]} {[%emt 00:00:39]} 14. Nce2 {[%clk 00:47:38]} {[%emt 00:00:12]} Qd5
{[%clk 00:58:16]} {[%emt 00:05:20]} 15. Rh2 {[%clk 00:46:23]} {[%emt 00:01:46]}
Qxe5 {[%clk 00:56:21]} {[%emt 00:02:24]} 16. Nf3 {[%clk 00:46:19]} {[%emt
00:00:35]} Bb4+ {[%clk 00:55:46]} {[%emt 00:01:05]} 17. Kf1 {[%clk 00:43:26]}
{[%emt 00:03:22]} Qd5 {[%clk 00:52:47]} {[%emt 00:03:29]} 18. Qb3 {[%clk
00:34:20]} {[%emt 00:09:37]} d3 {[%clk 00:45:31]} {[%emt 00:07:45]} 19. Neg1
{[%clk 00:34:36]} {[%emt 00:00:15]} Qxb3 {[%clk 00:45:44]} {[%emt 00:00:17]}
20. axb3 {[%emt 00:00:05]} e5 {[%clk 00:45:41]} {[%emt 00:00:33]} 21. Bd2
{[%clk 00:33:45]} {[%emt 00:01:47]} Bxd2 {[%clk 00:45:31]} {[%emt 00:00:39]}
22. Nxd2 {[%clk 00:34:08]} {[%emt 00:00:07]} e4 {[%clk 00:45:48]} {[%emt
00:00:12]} 23. Re1 {[%clk 00:34:29]} {[%emt 00:00:10]} O-O {[%clk 00:45:28]}
{[%emt 00:00:50]} 24. Nxe4 {[%clk 00:31:56]} {[%emt 00:03:03]} Bxe4 {[%clk
00:45:41]} {[%emt 00:00:16]} 25. Rxe4 {[%clk 00:32:19]} {[%emt 00:00:08]} d2
{[%clk 00:45:52]} {[%emt 00:00:18]} 26. Ke2 {[%clk 00:32:43]} {[%emt 00:00:07]}
Rad8 {[%clk 00:46:07]} {[%emt 00:00:15]} 27. Kd1 {[%clk 00:33:05]} {[%emt
00:00:08]} Rd3 {[%clk 00:45:50]} {[%emt 00:00:48]} 28. Re3 {[%clk 00:33:15]}
{[%emt 00:00:20]} Rfd8 {[%clk 00:45:47]} {[%emt 00:00:32]} 29. Nf3 {[%clk
00:33:17]} {[%emt 00:00:28]} Nb4 {[%clk 00:45:21]} {[%emt 00:00:56]} 30. Ne5
{[%clk 00:32:46]} {[%emt 00:01:00]} Rxe3 {[%clk 00:43:18]} {[%emt 00:02:33]}
31. fxe3 {[%clk 00:33:10]} {[%emt 00:00:07]} Re8 {[%clk 00:43:35]} {[%emt
00:00:13]} 32. Nc4 {[%clk 00:31:58]} {[%emt 00:01:42]} b5 {[%clk 00:43:56]}
{[%emt 00:00:09]} 33. Nxd2 {[%clk 00:32:20]} {[%emt 00:00:07]} Rxe3 {[%clk
00:44:18]} {[%emt 00:00:09]} 34. g4 {[%clk 00:32:23]} {[%emt 00:00:28]} Rg3
{[%clk 00:44:03]} {[%emt 00:00:43]} 35. g5 {[%clk 00:30:38]} {[%emt 00:02:16]}
Nc6 {[%clk 00:43:50]} {[%emt 00:00:42]} 36. Ne4 {[%clk 00:29:17]} {[%emt
00:01:51]} Rd3+ {[%clk 00:40:12]} {[%emt 00:04:09]} 37. Kc1 {[%clk 00:26:54]}
{[%emt 00:02:53]} a5 {[%clk 00:38:35]} {[%emt 00:02:07]} 38. Nc5 {[%clk
00:18:09]} {[%emt 00:09:14]} Rd5 {[%clk 00:38:32]} {[%emt 00:00:33]} 39. Ne4
{[%clk 00:18:24]} {[%emt 00:00:16]} Re5 {[%clk 00:38:18]} {[%emt 00:00:43]} 40.
Nd2 {[%clk 00:18:23]} {[%emt 00:00:32]} Re3 {[%clk 00:37:54]} {[%emt 00:00:53]}
41. Kb1 {[%clk 00:18:04]} {[%emt 00:00:50]} Nb4 {[%clk 00:36:18]} {[%emt
00:02:05]} 42. Kc1 {[%clk 00:16:16]} {[%emt 00:02:18]} Re1# {[%clk 00:36:30]}
{[%emt 00:00:16]} 0-1

[Event "DEM U12w 2025"]
[Site "Willingen GER"]
[Date "2025.06.12"]
[Round "7"]
[White "Huang, Flora Yueya"]
[Black "Bohatyrova, Mariia"]
[Result "1-0"]
[Termination "normal"]
[Board "4"]
[WhiteElo "1652"]
[BlackElo "1721"]
[WhiteClock "01:17:53"]
[BlackClock "00:34:22"]
[PlyCount "59"]
[WhiteFideId "533015651"]
[BlackFideId "34165789"]
[EventCountry "GER"]
[EventRounds "9"]
[EventType "swiss"]
[EventDate "2025.06.07"]

1. d4 {[%clk 01:30:58]} {[%emt 00:00:01]} Nf6 {[%clk 01:30:54]} {[%emt
00:00:06]} 2. c4 {[%clk 01:31:23]} {[%emt 00:00:05]} e6 {[%clk 01:31:20]}
{[%emt 00:00:05]} 3. Nf3 {[%clk 01:31:48]} {[%emt 00:00:04]} c5 {[%clk
01:31:43]} {[%emt 00:00:06]} 4. Nc3 {[%clk 01:32:03]} {[%emt 00:00:16]} b6
{[%clk 01:27:09]} {[%emt 00:05:03]} 5. Bf4 {[%clk 01:28:01]} {[%emt 00:04:33]}
a6 {[%clk 01:13:00]} {[%emt 00:14:39]} 6. d5 {[%clk 01:22:35]} {[%emt
00:05:56]} exd5 {[%clk 01:04:26]} {[%emt 00:09:03]} 7. Nxd5 {[%clk 01:21:27]}
{[%emt 00:01:38]} Ra7 {[%clk 00:57:08]} {[%emt 00:07:48]} 8. Bxb8 {[%clk
01:21:37]} {[%emt 00:00:21]} Rb7 {[%clk 00:53:38]} {[%emt 00:03:59]} 9. Be5
{[%clk 01:20:45]} {[%emt 00:01:23]} Be7 {[%clk 00:45:56]} {[%emt 00:08:10]} 10.
Nxe7 {[%clk 01:20:51]} {[%emt 00:00:26]} Qxe7 {[%clk 00:46:20]} {[%emt
00:00:06]} 11. Qd6 {[%clk 01:21:12]} {[%emt 00:00:09]} Qxd6 {[%clk 00:44:37]}
{[%emt 00:02:13]} 12. Bxd6 {[%clk 01:21:36]} {[%emt 00:00:06]} Ne4 {[%clk
00:44:59]} {[%emt 00:00:06]} 13. Bf4 {[%clk 01:21:40]} {[%emt 00:00:27]} O-O
{[%clk 00:45:03]} {[%emt 00:00:27]} 14. e3 {[%clk 01:21:56]} {[%emt 00:00:15]}
b5 {[%clk 00:44:57]} {[%emt 00:00:35]} 15. Bd3 {[%clk 01:21:36]} {[%emt
00:00:50]} Nf6 {[%clk 00:45:13]} {[%emt 00:00:13]} 16. cxb5 {[%clk 01:21:32]}
{[%emt 00:00:35]} axb5 {[%clk 00:44:38]} {[%emt 00:01:05]} 17. Bd6 {[%clk
01:20:44]} {[%emt 00:01:18]} Re8 {[%clk 00:45:05]} {[%emt 00:00:03]} 18. Bxc5
{[%clk 01:20:51]} {[%emt 00:00:24]} d6 {[%clk 00:45:20]} {[%emt 00:00:13]} 19.
Bd4 {[%clk 01:21:00]} {[%emt 00:00:22]} Nd5 {[%clk 00:44:47]} {[%emt 00:01:02]}
20. O-O {[%clk 01:20:14]} {[%emt 00:01:17]} Nb4 {[%clk 00:45:02]} {[%emt
00:00:14]} 21. Be2 {[%clk 01:19:48]} {[%emt 00:00:57]} Be6 {[%clk 00:44:41]}
{[%emt 00:00:49]} 22. a3 {[%clk 01:20:04]} {[%emt 00:00:15]} Nc6 {[%clk
00:44:10]} {[%emt 00:01:01]} 23. Bc3 {[%clk 01:19:23]} {[%emt 00:01:12]} Bf5
{[%clk 00:40:04]} {[%emt 00:04:34]} 24. Rfd1 {[%clk 01:18:40]} {[%emt
00:01:14]} Rd8 {[%clk 00:39:40]} {[%emt 00:00:52]} 25. Nd4 {[%clk 01:18:34]}
{[%emt 00:00:39]} Nxd4 {[%clk 00:40:04]} {[%emt 00:00:06]} 26. Rxd4 {[%clk
01:18:51]} {[%emt 00:00:13]} d5 {[%clk 00:37:15]} {[%emt 00:03:19]} 27. h3
{[%clk 01:17:58]} {[%emt 00:01:23]} Be6 {[%clk 00:35:10]} {[%emt 00:02:33]} 28.
Bf3 {[%clk 01:17:49]} {[%emt 00:00:40]} h6 {[%clk 00:34:25]} {[%emt 00:01:15]}
29. Rad1 {[%clk 01:18:04]} {[%emt 00:00:15]} Rbd7 {[%clk 00:34:22]} {[%emt
00:00:34]} 30. e4 {[%clk 01:17:53]} {[%emt 00:00:41]} 1-0

[Event "DEM U12w 2025"]
[Site "Willingen GER"]
[Date "2025.06.12"]
[Round "7"]
[White "Suryaprakash, Smrithi"]
[Black "Chen, Yuefan"]
[Result "1/2-1/2"]
[Termination "normal"]
[Board "5"]
[WhiteElo "1731"]
[BlackElo "1754"]
[WhiteClock "00:11:07"]
[BlackClock "00:05:39"]
[PlyCount "69"]
[WhiteFideId "34637826"]
[BlackFideId "34653910"]
[EventCountry "GER"]
[EventRounds "9"]
[EventType "swiss"]
[EventDate "2025.06.07"]

1. e4 {[%clk 01:30:46]} {[%emt 00:00:14]} c5 {[%clk 01:30:56]} {[%emt
00:00:06]} 2. Nf3 {[%clk 01:31:08]} {[%emt 00:00:06]} e6 {[%clk 01:31:01]}
{[%emt 00:00:26]} 3. d4 {[%clk 01:31:34]} {[%emt 00:00:05]} cxd4 {[%clk
01:31:18]} {[%emt 00:00:12]} 4. Nxd4 {[%clk 01:31:55]} {[%emt 00:00:08]} Nc6
{[%clk 01:31:38]} {[%emt 00:00:10]} 5. Nxc6 {[%clk 01:32:17]} {[%emt 00:00:09]}
bxc6 {[%clk 01:31:50]} {[%emt 00:00:17]} 6. Bd3 {[%clk 01:32:38]} {[%emt
00:00:09]} d6 {[%clk 01:28:38]} {[%emt 00:03:43]} 7. O-O {[%clk 01:31:13]}
{[%emt 00:01:55]} Nf6 {[%clk 01:27:02]} {[%emt 00:02:06]} 8. Nd2 {[%clk
01:28:51]} {[%emt 00:02:50]} Be7 {[%clk 01:25:46]} {[%emt 00:01:46]} 9. c4
{[%clk 01:27:37]} {[%emt 00:01:46]} O-O {[%clk 01:24:27]} {[%emt 00:01:49]} 10.
b3 {[%clk 01:27:45]} {[%emt 00:00:22]} Qb6 {[%clk 01:21:22]} {[%emt 00:03:35]}
11. Bb2 {[%clk 01:23:14]} {[%emt 00:05:00]} Nd7 {[%clk 01:18:09]} {[%emt
00:03:44]} 12. Bc2 {[%clk 01:15:50]} {[%emt 00:07:54]} e5 {[%clk 01:16:36]}
{[%emt 00:02:02]} 13. Kh1 {[%clk 01:02:45]} {[%emt 00:13:35]} Nc5 {[%clk
01:08:38]} {[%emt 00:08:29]} 14. f4 {[%clk 00:56:54]} {[%emt 00:06:21]} exf4
{[%clk 01:04:23]} {[%emt 00:04:44]} 15. e5 {[%clk 00:54:07]} {[%emt 00:03:18]}
h6 {[%clk 00:49:21]} {[%emt 00:15:32]} 16. exd6 {[%clk 00:50:35]} {[%emt
00:04:02]} Bxd6 {[%clk 00:49:20]} {[%emt 00:00:30]} 17. Ne4 {[%clk 00:49:11]}
{[%emt 00:01:54]} Nxe4 {[%clk 00:41:57]} {[%emt 00:07:54]} 18. Bxe4 {[%clk
00:47:20]} {[%emt 00:02:20]} Qc7 {[%clk 00:40:41]} {[%emt 00:01:46]} 19. Qd4
{[%clk 00:43:30]} {[%emt 00:04:20]} f6 {[%clk 00:38:10]} {[%emt 00:03:01]} 20.
c5 {[%clk 00:41:10]} {[%emt 00:02:51]} Be5 {[%clk 00:36:56]} {[%emt 00:01:44]}
21. Qc4+ {[%clk 00:37:23]} {[%emt 00:04:17]} Kh8 {[%clk 00:36:21]} {[%emt
00:01:04]} 22. Bc3 {[%clk 00:33:33]} {[%emt 00:04:20]} a5 {[%clk 00:34:10]}
{[%emt 00:02:42]} 23. Bxe5 {[%clk 00:27:38]} {[%emt 00:06:24]} fxe5 {[%clk
00:34:17]} {[%emt 00:00:23]} 24. Qc3 {[%clk 00:24:11]} {[%emt 00:03:55]} Bf5
{[%clk 00:31:11]} {[%emt 00:03:38]} 25. Qf3 {[%clk 00:20:48]} {[%emt 00:03:53]}
Bxe4 {[%clk 00:30:33]} {[%emt 00:01:08]} 26. Qxe4 {[%clk 00:21:10]} {[%emt
00:00:08]} Rad8 {[%clk 00:29:12]} {[%emt 00:01:50]} 27. Rad1 {[%clk 00:17:38]}
{[%emt 00:04:03]} Rxd1 {[%clk 00:18:41]} {[%emt 00:11:00]} 28. Rxd1 {[%clk
00:17:53]} {[%emt 00:00:16]} Rd8 {[%clk 00:17:13]} {[%emt 00:01:59]} 29. Rxd8+
{[%clk 00:14:27]} {[%emt 00:03:56]} Qxd8 {[%clk 00:17:37]} {[%emt 00:00:05]}
30. h3 {[%clk 00:14:42]} {[%emt 00:00:14]} Qc7 {[%clk 00:17:31]} {[%emt
00:00:38]} 31. Kh2 {[%clk 00:12:19]} {[%emt 00:02:52]} Kg8 {[%clk 00:09:52]}
{[%emt 00:08:09]} 32. Kh1 {[%clk 00:11:27]} {[%emt 00:01:22]} Kf8 {[%clk
00:07:41]} {[%emt 00:02:42]} 33. Qf5+ {[%clk 00:11:08]} {[%emt 00:00:48]} Kg8
{[%clk 00:05:39]} {[%emt 00:02:32]} 34. Qe4 {[%clk 00:10:44]} {[%emt 00:00:54]}
Kf8 {[%clk 00:05:39]} {[%emt 00:00:31]} 35. Qf5+ {[%clk 00:11:07]} {[%emt
00:00:06]} 1/2-1/2

[Event "DEM U12w 2025"]
[Site "Willingen GER"]
[Date "2025.06.12"]
[Round "7"]
[White "Döscher, Nayla"]
[Black "Nönnig, Lotte"]
[Result "1-0"]
[Termination "normal"]
[Board "6"]
[WhiteElo "1495"]
[BlackElo "1735"]
[WhiteClock "00:12:45"]
[BlackClock "00:01:03"]
[PlyCount "50"]
[WhiteFideId "34625046"]
[BlackFideId "34611509"]
[EventCountry "GER"]
[EventRounds "9"]
[EventType "swiss"]
[EventDate "2025.06.07"]

1. e4 {[%clk 01:30:59]} e5 {[%clk 01:30:53]} {[%emt 00:00:07]} 2. Nf3 {[%clk
01:31:24]} {[%emt 00:00:05]} Nc6 {[%clk 01:31:12]} {[%emt 00:00:10]} 3. Nc3
{[%clk 01:31:43]} {[%emt 00:00:12]} Nf6 {[%clk 01:30:58]} {[%emt 00:00:45]} 4.
Bb5 {[%clk 01:32:01]} {[%emt 00:00:11]} Bb4 {[%clk 01:30:54]} {[%emt 00:00:35]}
5. O-O {[%clk 01:31:06]} {[%emt 00:01:24]} O-O {[%clk 01:30:17]} {[%emt
00:01:07]} 6. d3 {[%clk 01:31:05]} {[%emt 00:00:32]} Bxc3 {[%clk 01:29:33]}
{[%emt 00:01:14]} 7. bxc3 {[%clk 01:31:18]} {[%emt 00:00:17]} d6 {[%clk
01:29:42]} {[%emt 00:00:20]} 8. Nd2 {[%clk 01:30:14]} {[%emt 00:01:33]} Qe7
{[%clk 01:27:28]} {[%emt 00:02:44]} 9. f4 {[%clk 01:19:07]} {[%emt 00:11:39]}
exf4 {[%clk 01:23:01]} {[%emt 00:04:57]} 10. Bxc6 {[%clk 01:14:16]} {[%emt
00:05:21]} bxc6 {[%clk 01:23:24]} {[%emt 00:00:07]} 11. Rxf4 {[%clk 01:12:39]}
{[%emt 00:02:07]} Qe5 {[%clk 01:22:41]} {[%emt 00:01:10]} 12. Rf1 {[%clk
01:11:44]} {[%emt 00:01:27]} Qxc3 {[%clk 01:21:37]} {[%emt 00:01:35]} 13. Rb1
{[%clk 01:11:37]} {[%emt 00:00:36]} Qa5 {[%clk 01:16:27]} {[%emt 00:05:39]} 14.
Bb2 {[%clk 01:04:37]} {[%emt 00:07:31]} Ng4 {[%clk 01:09:23]} {[%emt 00:07:34]}
15. Qe2 {[%clk 00:58:18]} {[%emt 00:06:50]} Qxa2 {[%clk 00:53:59]} {[%emt
00:15:54]} 16. Nc4 {[%clk 00:55:28]} {[%emt 00:03:19]} Qa4 {[%clk 00:53:17]}
{[%emt 00:01:09]} 17. h3 {[%clk 00:44:49]} {[%emt 00:11:12]} Nh6 {[%clk
00:42:56]} {[%emt 00:10:52]} 18. Qd2 {[%clk 00:41:26]} {[%emt 00:03:52]} d5
{[%clk 00:39:32]} {[%emt 00:03:54]} 19. Qg5 {[%clk 00:38:18]} {[%emt 00:03:33]}
f6 {[%clk 00:19:23]} {[%emt 00:20:45]} 20. Bxf6 {[%clk 00:37:09]} {[%emt
00:01:38]} Rxf6 {[%clk 00:14:58]} {[%emt 00:04:55]} 21. Rxf6 {[%clk 00:36:46]}
{[%emt 00:00:52]} Bd7 {[%clk 00:08:50]} {[%emt 00:06:39]} 22. Ne5 {[%clk
00:23:17]} {[%emt 00:13:59]} Re8 {[%clk 00:01:19]} {[%emt 00:08:00]} 23. Nxd7
{[%clk 00:18:26]} {[%emt 00:05:22]} Nf7 {[%clk 00:00:42]} {[%emt 00:01:07]} 24.
Rxf7 {[%clk 00:12:43]} {[%emt 00:06:12]} Kxf7 {[%clk 00:00:44]} {[%emt
00:00:28]} 25. Rf1+ {[%clk 00:12:45]} {[%emt 00:00:28]} Ke6 {[%clk 00:01:03]}
{[%emt 00:00:10]} 1-0